| 000 | 00699nam a2200205 a 4500 | ||
|---|---|---|---|
| 001 | BRCA_1556 | ||
| 005 | 20190320203452.0 | ||
| 008 | 930722s1989 sp-a---##b---#000-0#spa-d | ||
| 020 | _a8486884578 | ||
| 040 |
_aCLCo _cCLCo _dDLC |
||
| 050 | 4 |
_aN6559.V3 _b.R46 1989 |
|
| 245 | 1 | 0 | _aRemedios Varo. |
| 260 |
_aMadrid _bFundación Banco Exterior _c1989 |
||
| 300 |
_a167 p. _bil. (algunas a color) _c32 cm. |
||
| 500 | _aCatálogo de la exposición realizada en el Banco Exterior de España (Madrid), noviembre 1988 - enero 1989 | ||
| 504 | _aBibliografía: p. 79-80 | ||
| 600 | 1 | 4 |
_aVaro, Remedios _d1908-1963 _vExposiciones _94993 |
| 650 | 1 | 4 |
_aSurrealismo _vExposiciones _zMéxico _94994 |
| 942 |
_2lcc _cB |
||
| 999 |
_c1395 _d1395 |
||